Modern concepts on water resources (Record no. 1335)

000 -LEADER
fixed length control field 00600nam a22002177a 4500
001 - CONTROL NUMBER
control field 1335
003 - CONTROL NUMBER IDENTIFIER
control field BD-DhUET
008 - FIXED-LENGTH DATA ELEMENTS--GENERAL INFORMATION
fixed length control field 140903b xxu||||| |||| 00| 0 eng d
020 ## - INTERNATIONAL STANDARD BOOK NUMBER
International Standard Book Number 9848090309
040 ## - CATALOGING SOURCE
Original cataloging agency 0
Transcribing agency 0
Modifying agency BD-DhUET
082 ## - DEWEY DECIMAL CLASSIFICATION NUMBER
Classification number 628.16068095492
Item number FAI/2007
100 ## - MAIN ENTRY--PERSONAL NAME
Personal name Faisal Hossain
245 ## - TITLE STATEMENT
Title Modern concepts on water resources
Statement of responsibility, etc. by Faisal Hossain,Md. Delawer Hossain
250 ## - EDITION STATEMENT
Edition statement Ist ed.
260 ## - PUBLICATION, DISTRIBUTION, ETC. (IMPRINT)
Place of publication, distribution, etc. Dhaka
Name of publisher, distributor, etc. UGC,
Date of publication, distribution, etc. 2007
300 ## - PHYSICAL DESCRIPTION
Extent xv,222p.
504 ## - BIBLIOGRAPHY, ETC. NOTE
Bibliography, etc Includes bibliographies
650 #0 - SUBJECT ADDED ENTRY--TOPICAL TERM
Topical term or geographic name as entry element Water resources management
Geographic subdivision Bangladesh
700 ## - ADDED ENTRY--PERSONAL NAME
Personal name Delawer Hossain, Md.
942 ## - ADDED ENTRY ELEMENTS (KOHA)
Koha item type General Book
Holdings
Koha item type Lost status Koha full call number Shelving location Withdrawn status Copy number Koha normalized classification for sorting Koha date last seen Source of classification or shelving scheme Location (home branch) Not for loan Damaged status Sublocation or collection (holding branch) Piece designation (barcode) Price effective from Date acquired
General Book 628.16068095492/FAI/2007Circulation section 1628_160680954920000_FAI_20072014-09-03 Central Library, BUET  Central Library, BUET1035002014-09-032014-09-03
General Book 628.16068095492/FAI/2007Circulation section 2628_160680954920000_FAI_20072014-09-03 Central Library, BUET  Central Library, BUET1035012014-09-032014-09-03
General Book 628.16068095492/FAI/2007Circulation section 3628_160680954920000_FAI_20072014-09-03 Central Library, BUET  Central Library, BUET1035022014-09-032014-09-03
General Book 628.16068095492/FAI/2007Circulation section 4628_160680954920000_FAI_20072014-09-03 Central Library, BUET  Central Library, BUET1035032014-09-032014-09-03
General Book 628.16068095492/FAI/2007Circulation section 5628_160680954920000_FAI_20072014-09-03 Central Library, BUET  Central Library, BUET1035042014-09-032014-09-03
General Book 628.16068095492/FAI/2007Circulation section 6628_160680954920000_FAI_20072014-09-03 Central Library, BUET  Central Library, BUET1035052014-09-032014-09-03
General Book 628.16068095492/FAI/2007Circulation section 7628_000000000000000_16068095492014-09-03 Central Library, BUET  Central Library, BUET1035062014-09-032014-09-03
General Book 628.16068095492/FAI/2007Circulation section 8628_000000000000000_16068095492014-09-03 Central Library, BUET  Central Library, BUET1035072014-09-032014-09-03
General Book 628.16068095492/FAI/2007Circulation section 9628_160680954920000_FAI_20072014-09-03 Central Library, BUET  Central Library, BUET1035082014-09-032014-09-03
General Book 628.16068095492/FAI/2007Circulation section 10628_000000000000000_16068095492014-09-03 Central Library, BUET  Central Library, BUET1035092014-09-032014-09-03
General Book 628.16068095492/FAI/2007Circulation section 11628_160680954920000_FAI_20072016-07-26 Central Library, BUET  Central Library, BUET1142422016-07-262016-07-26
General Book 628.16068095492/FAI/2007Circulation section 12628_160680954920000_FAI_20072016-07-26 Central Library, BUET  Central Library, BUET1142432016-07-262016-07-26